| 000 | 00906nam a2200265Ia 4500 | ||
|---|---|---|---|
| 003 | OSt | ||
| 005 | 20221005103628.0 | ||
| 006 | a|||||r|||| 00| 0 | ||
| 007 | ta | ||
| 008 | 221004b |||||||| |||| 00| 0 hin d | ||
| 024 | _a61028 | ||
| 037 | _cTextual | ||
| 040 |
_aCRL _cCRL _bhin |
||
| 041 |
_2hin _ahin |
||
| 082 | _aO152,6x, L7 | ||
| 100 | _aत्रिपाठी, रामसागर | ||
| 245 | 0 | _aबृहत साहित्यिक निबन्ध | |
| 246 | _aBṛuhat sāhityik nibandha | ||
| 260 |
_aदिल्ली _c1977 |
||
| 300 |
_a1022पृ0 _ccm. |
||
| 650 | _aहिन्दी साहित्य | ||
| 700 | _a गुप्त, शान्तिस्वरूप | ||
| 942 |
_hO152,6x, L7 _cTEXL _2cc |
||
| 999 |
_c1010456 _d1010456 |
||